000 00399pab a2200169 454500
008 180718b2012 xxu||||| |||| 00| 0 eng d
100 _aMishra, P.N.
245 _aAncient Indian wisdom for modern management
260 _c2012
300 _ap.77-81.
362 _a27 Feb
650 _aManagement - India
650 _aManagement
773 _aUniversity News
908 _aN
909 _a95186
999 _c95186
_d95186